Review of Selected Statistical Methods Used in Quantitative Analysis in Scientific Work
Vybrané štatistické metódy používané pri kvantitatívnej analýze vo vedeckej práci. Revízia metód vykonaná so zameraním na analýzu výsledkov výskumu, v ktorej bola predmetom záujmu vedcov výskumná organizácia, pričom sa zohľadnila miera záväzku.
Enregistré dans:
| Auteur principal: | |
|---|---|
| Autres auteurs: | , |
| Format: | Chapitre de livre |
| Langue: | anglais |
| Sujets: | |
| Tags: |
Pas de tags, Soyez le premier à ajouter un tag!
|
MARC
| LEADER | 00000naa$a2200000$$$4500 | ||
|---|---|---|---|
| 001 | 0276597 | ||
| 005 | 20240502074321.7 | ||
| 041 | 0 | |a eng | |
| 044 | |a SK | ||
| 245 | 1 | 0 | |a Review of Selected Statistical Methods Used in Quantitative Analysis in Scientific Work |c Paweł Czart, Jana Coroničová Hurajová, Anežka Podlasová |
| 520 | |a Vybrané štatistické metódy používané pri kvantitatívnej analýze vo vedeckej práci. Revízia metód vykonaná so zameraním na analýzu výsledkov výskumu, v ktorej bola predmetom záujmu vedcov výskumná organizácia, pričom sa zohľadnila miera záväzku. | ||
| 610 | 2 | 0 | |a metódy štatistické |
| 610 | 2 | 0 | |a práca vedecká |
| 610 | 2 | 0 | |a výskum |
| 610 | 2 | 0 | |a analýzy |
| 100 | 1 | |a Czart, Paweł | |
| 700 | 1 | |a Coroničová Hurajová, Jana, 1986- | |
| 700 | 1 | |a Podlasová, Anežka | |